Witamy w Bibliotece Naukowej Instytutu Łączności!

Understanding Modern Telecommunications and the Information Superhighway / (Rekord nr 769)

000 -LEADER
fixed length control field 00442 a2200121 4500
020 ## - INTERNATIONAL STANDARD BOOK NUMBER
International Standard Book Number 0890063222
100 1# - MAIN ENTRY--PERSONAL NAME
Personal name Nellist, John G..
Relator term Autor
245 0# - TITLE STATEMENT
Title Understanding Modern Telecommunications and the Information Superhighway /
Statement of responsibility, etc Nellist John G., Gilbert Elliott M..
260 ## - PUBLICATION, DISTRIBUTION, ETC. (IMPRINT)
Place of publication, distribution, etc Boston :
Name of publisher, distributor, etc Artech House,
Date of publication, distribution, etc 1999.
300 ## - PHYSICAL DESCRIPTION
Extent XVIII, 285 s.:
Other physical details il.;
Dimensions 23 cm.
700 1# - ADDED ENTRY--PERSONAL NAME
Personal name Gilbert, Elliott M..
Relator term Autor
710 2# - ADDED ENTRY--CORPORATE NAME
Corporate name or jurisdiction name as entry element Artech House.
Relator term Wydawca
Relator code pbl
920 ## -
-- 0-89006-322-2
Egzemplarze
Withdrawn status Lost status Source of classification or shelving scheme Damaged status Not for loan Permanent Location Current Location Shelving location Date acquired Cost, normal purchase price Inventory number Full call number Barcode Date last seen Price effective from Koha item type
          Instytut Łączności Instytut Łączności Magazyn 1999-04-22 272.46 39230 39230 39230 2019-12-03 2017-11-30 Książki

Działa dzięki Koha